[Event "POL-chT 2nd League"]
[Site "Jastrzebia Gora"]
[Date "2015.09.12"]
[Round "8.36"]
[White "Kasperek, Joanna"]
[Black "Iwanow, Anna"]
[Result "1/2-1/2"]
[WhiteElo "2051"]
[BlackElo "2312"]
[PlyCount "81"]
[EventDate "2015.09.05"]
[EventType "team-swiss"]
[EventRounds "9"]
[EventCountry "POL"]
[SourceTitle "EXT 2017"]
[Source "ChessBase"]
[SourceDate "2016.10.25"]
[SourceVersion "1"]
[SourceVersionDate "2016.10.25"]
[SourceQuality "1"]
[WhiteTeam "Debica Gryf"]
[BlackTeam "Wroclaw MUKS MDK Fabryczna"]
[WhiteTeamCountry "POL"]
[BlackTeamCountry "POL"]

1. e4 c5 2. Nf3 e6 3. d4 cxd4 4. Nxd4 Nf6 5. Bd3 Nc6 6. Nxc6 bxc6 7. c4 e5 8. 0-0 Bc5 9. Qe2 0-0 10. Be3 Qe7 11. Nd2 a5 12. Nb3 Bxe3 13. Qxe3 a4 14. Nd2 d6 15. Be2 Re8 16. Rfd1 d5 17. cxd5 cxd5 18. exd5 Nxd5 19. Qe4 Bb7 20. Bf3 g6 21. Nf1 Ra5 22. Ne3 Nxe3 23. Qxe3 Rb5 24. Rab1 Rb8 25. Bxb7 Qxb7 26. b3 h5 27. Ra1 axb3 28. axb3 Rxb3 29. Qxe5 Qb6 30. h3 Rb2 31. Qd4 Qxd4 32. Rxd4 Rb1+ 33. Rxb1 Rxb1+ 34. Kh2 Rb3 35. g3 Kg7 36. Rd6 Ra3 37. Kg2 Rb3 38. Rc6 Ra3 39. Rb6 Rc3 40. Ra6 Rd3 41. Rb6 1/2-1/2

[Event "POL-chT 2nd League"]
[Site "Jastrzebia Gora"]
[Date "2015.09.11"]
[Round "7.42"]
[White "Iwanow, Anna"]
[Black "Kubicka, Anna"]
[Result "1-0"]
[WhiteElo "2312"]
[BlackElo "2171"]
[PlyCount "41"]
[EventDate "2015.09.05"]
[EventType "team-swiss"]
[EventRounds "9"]
[EventCountry "POL"]
[SourceTitle "EXT 2017"]
[Source "ChessBase"]
[SourceDate "2016.10.25"]
[SourceVersion "1"]
[SourceVersionDate "2016.10.25"]
[SourceQuality "1"]
[WhiteTeam "Wroclaw MUKS MDK Fabryczna"]
[BlackTeam "Prudnik LKS Zarzewie"]
[WhiteTeamCountry "POL"]
[BlackTeamCountry "POL"]

1. e4 d6 2. d4 Nf6 3. Nc3 e5 4. Nf3 Nbd7 5. Bc4 Be7 6. 0-0 0-0 7. Re1 c6 8. a4 b6 9. Ba2 Qc7 10. h3 a6 11. Be3 Bb7 12. Nh4 g6 13. Nf3 exd4 14. Qxd4 c5 15. Qc4 Nxe4 16. Bh6 Nxc3 17. Rxe7 Nxa2 18. Rxa2 Bxf3 19. Qc3 f6 20. Qxf3 Ne5 21. Qd5+ 1-0

[Event "Pontevedra op 3rd"]
[Site "Pontevedra"]
[Date "2015.08.12"]
[Round "6"]
[White "Iwanow, Anna"]
[Black "Millan Soto, Miguel"]
[Result "1-0"]
[WhiteElo "2260"]
[BlackElo "2050"]
[PlyCount "49"]
[EventDate "2015.08.09"]
[EventType "swiss"]
[EventRounds "9"]
[EventCountry "ESP"]
[SourceTitle "EXT 2016"]
[Source "ChessBase"]
[SourceDate "2015.10.08"]
[SourceVersion "1"]
[SourceVersionDate "2015.10.08"]
[SourceQuality "1"]

1. e4 d6 2. d4 Nf6 3. Nc3 e5 4. Nf3 Nbd7 5. Bc4 Be7 6. 0-0 0-0 7. Re1 c6 8. a4 b6 9. b3 Bb7 10. Bf1 Qc7 11. Bb2 a6 12. Nb1 h6 13. Nbd2 Rfe8 14. a5 b5 15. c4 b4 16. Nh4 Bf8 17. Qc2 exd4 18. Bxd4 c5 19. Bb2 g6 20. g3 Bg7 21. Ng2 Re7 22. Nf4 Rae8 23. Bg2 Nb8 24. h3 Nc6 25. Bxf6 1-0

[Event "Pontevedra op 3rd"]
[Site "Pontevedra"]
[Date "2015.08.10"]
[Round "3"]
[White "Iwanow, Anna"]
[Black "Gomez Garrido, Camilo Ernesto"]
[Result "0-1"]
[WhiteElo "2260"]
[BlackElo "2519"]
[PlyCount "172"]
[EventDate "2015.08.09"]
[EventType "swiss"]
[EventRounds "9"]
[EventCountry "ESP"]
[SourceTitle "EXT 2016"]
[Source "ChessBase"]
[SourceDate "2015.10.08"]
[SourceVersion "1"]
[SourceVersionDate "2015.10.08"]
[SourceQuality "1"]

1. e4 e5 2. Nf3 Nc6 3. Bb5 a6 4. Ba4 Nf6 5. 0-0 Be7 6. Re1 b5 7. Bb3 d6 8. c3 0-0 9. h3 Na5 10. Bc2 c5 11. d4 Nd7 12. d5 Nb6 13. b3 Bd7 14. Be3 c4 15. b4 Nb7 16. Nbd2 a5 17. a3 Qc7 18. Qe2 Ra6 19. Nf1 g6 20. Red1 f6 21. N3h2 Nd8 22. h4 Nf7 23. g3 axb4 24. cxb4 Rfa8 25. Bc1 Na4 26. Qf3 Rf8 27. Kg2 Qc8 28. g4 Kg7 29. Kh1 Bd8 30. Ng3 Bb6 31. Rg1 Qd8 32. Ra2 Kh8 33. Bb1 Bd4 34. Ne2 Bb6 35. Rd2 Qe7 36. Rdd1 Rc8 37. Bc2 Ra7 38. Rg2 c3 39. Rd3 Rac7 40. Nf1 Be8 41. Nfg3 Nb2 42. Rxc3 Nc4 43. Bd1 Bd4 44. Rb3 Bd7 45. Nf1 Ba7 46. Kh2 Nb6 47. Bd2 Nc4 48. Bc1 Kg8 49. Nfg3 Kh8 50. Kh1 Nb6 51. Bd2 Be8 52. Rh2 Nc4 53. Bc1 Kg8 54. Rg2 Kh8 55. Rh2 Bd7 56. Rg2 Bd4 57. Rh2 Nb6 58. Bd2 Na4 59. Rg2 Ba1 60. Rb1 Bd4 61. Bxa4 bxa4 62. Nxd4 exd4 63. Qd3 Bxg4 64. f4 Rc4 65. Kg1 Qa7 66. Nf1 Bd7 67. Be1 Bb5 68. Bf2 Rxb4 69. Qd1 Be2 70. Qe1 Rxb1 71. Qxb1 Bxf1 72. Qxf1 Qc5 73. Rg3 Re8 74. Qb1 Qc4 75. Kg2 Qe2 76. e5 dxe5 77. f5 d3 78. fxg6 hxg6 79. Qxd3 Qxd3 80. Rxd3 Rd8 81. Bc5 Rd7 82. d6 Kg7 83. Rc3 Nd8 84. Bb4 Kf7 85. Rc5 Nb7 86. Ra5 Nxa5 0-1

[Event "Ourense Campus 2nd"]
[Site "Ourense"]
[Date "2015.07.12"]
[Round "9.4"]
[White "Fernandez Borrego, Pablo"]
[Black "Iwanow, Anna"]
[Result "1-0"]
[WhiteElo "2378"]
[BlackElo "2206"]
[PlyCount "49"]
[EventDate "2015.07.06"]
[EventType "swiss"]
[EventRounds "9"]
[EventCountry "ESP"]
[SourceTitle "EXT 2024"]
[Source "ChessBase"]
[SourceDate "2023.10.10"]
[SourceVersion "1"]
[SourceVersionDate "2023.10.10"]
[SourceQuality "1"]

1. Nf3 Nf6 2. c4 c5 3. Nc3 d5 4. cxd5 Nxd5 5. Qa4+ Bd7 6. Qb3 Nb6 7. Ne5 e6 8. g3 Nc6 9. Nxd7 Qxd7 10. Bg2 c4 11. Qb5 Be7 12. 0-0 0-0 13. a4 Rab8 14. a5 Nd4 15. Qxd7 Nxd7 16. Ra4 Rfc8 17. d3 Nb3 18. Bf4 e5 19. Be3 cxd3 20. Bxa7 dxe2 21. Nxe2 Ndc5 22. Rb4 Nxa5 23. Bxb8 Rxb8 24. Rb5 b6 25. b4 1-0

[Event "Ourense Campus 2nd"]
[Site "Ourense"]
[Date "2015.07.10"]
[Round "7.5"]
[White "Iwanow, Anna"]
[Black "Almagro Llamas, Pablo"]
[Result "1-0"]
[WhiteElo "2206"]
[BlackElo "2445"]
[PlyCount "63"]
[EventDate "2015.07.06"]
[EventType "swiss"]
[EventRounds "9"]
[EventCountry "ESP"]
[SourceTitle "EXT 2024"]
[Source "ChessBase"]
[SourceDate "2023.10.10"]
[SourceVersion "1"]
[SourceVersionDate "2023.10.10"]
[SourceQuality "1"]

1. e4 c6 2. d4 g6 3. Nc3 Bg7 4. Be3 d5 5. Qd2 h5 6. 0-0-0 a6 7. h3 b5 8. e5 e6 9. f4 h4 10. Nf3 Bf8 11. Bd3 Nd7 12. Qf2 Nb6 13. Kb1 Bd7 14. g4 hxg3 15. Qxg3 Nc4 16. Bc1 Qe7 17. h4 Nh6 18. Ng5 Nf5 19. Qf2 Ng7 20. Rh3 c5 21. dxc5 Qxc5 22. Qg2 Bc6 23. Nxf7 Kxf7 24. Qxg6+ Kg8 25. Rg1 Qe7 26. h5 Be8 27. Qg4 Rh6 28. Bxc4 bxc4 29. f5 exf5 30. Qf3 Bxh5 31. Qxd5+ Bf7 32. Rxg7+ 1-0

[Event "Ourense Campus 2nd"]
[Site "Ourense"]
[Date "2015.07.09"]
[Round "6.5"]
[White "Pazos Porta, Antonio"]
[Black "Iwanow, Anna"]
[Result "1/2-1/2"]
[WhiteElo "2332"]
[BlackElo "2206"]
[PlyCount "107"]
[EventDate "2015.07.06"]
[EventType "swiss"]
[EventRounds "9"]
[EventCountry "ESP"]
[SourceTitle "EXT 2024"]
[Source "ChessBase"]
[SourceDate "2023.10.10"]
[SourceVersion "1"]
[SourceVersionDate "2023.10.10"]
[SourceQuality "1"]

1. e4 c5 2. Nf3 Nc6 3. Nc3 e6 4. d4 cxd4 5. Nxd4 Qc7 6. g3 Nf6 7. Bg2 a6 8. 0-0 h5 9. Nxc6 dxc6 10. Qe2 e5 11. h3 Be6 12. Be3 Be7 13. b3 h4 14. g4 Nh7 15. Na4 Bg5 16. Bb6 Qe7 17. Rad1 0-0 18. Bc5 Qf6 19. Bxf8 Nxf8 20. Nc5 Bc8 21. c3 Qe7 22. Nd3 Ng6 23. Rfe1 a5 24. Bf1 b6 25. Nb2 Nf4 26. Qf3 b5 27. Nd3 Ng6 28. Qe2 Be6 29. Qb2 Qa7 30. Rb1 Bd8 31. a4 Bb6 32. axb5 cxb5 33. Qe2 Rd8 34. Qf3 Rc8 35. Rec1 a4 36. bxa4 bxa4 37. Nb4 a3 38. Nd5 Bc5 39. Rc2 Rb8 40. Rxb8+ Qxb8 41. Qd1 Qb3 42. Qd2 Qa4 43. c4 Nf8 44. Ra2 Nd7 45. Nc7 Bxc4 46. Bxc4 Qxc4 47. Qc2 Qb4 48. Nd5 Qe1+ 49. Kg2 Kh7 50. Qe2 Qb1 51. Qc2 Qe1 52. Qe2 Qb1 53. Nc3 Qb4 54. Nd5 1/2-1/2

[Event "Sanxenxo Carlos op 7th"]
[Site "Sanxenxo"]
[Date "2015.06.24"]
[Round "5"]
[White "Yebra Pimentel Brea, Carlos"]
[Black "Iwanow, Anna"]
[Result "0-1"]
[WhiteElo "2026"]
[BlackElo "2251"]
[PlyCount "66"]
[EventDate "2015.06.20"]
[EventType "swiss"]
[EventRounds "9"]
[EventCountry "ESP"]
[SourceTitle "CBM 167 Extra"]
[Source "ChessBase"]
[SourceDate "2015.09.14"]
[SourceVersion "1"]
[SourceVersionDate "2015.09.14"]
[SourceQuality "1"]

1. e4 c5 2. c3 d6 3. d4 Nf6 4. Bd3 Nc6 5. Nf3 e5 6. dxc5 dxc5 7. h3 Be7 8. Qe2 0-0 9. Be3 a6 10. a4 Qc7 11. Nbd2 Rd8 12. 0-0 Rb8 13. Rfd1 Bd7 14. Nh4 Re8 15. Qf3 Rbd8 16. Nf1 Na5 17. g4 Nxg4 18. Nf5 Bxf5 19. hxg4 Bc8 20. Ng3 Rd6 21. Nf5 Rg6 22. Kh2 Bg5 23. Bxg5 Rxg5 24. Qh3 Re6 25. Be2 Rxf5 26. gxf5 Rh6 27. Bh5 g6 28. Qd3 Rxh5+ 29. Kg2 Nc6 30. Rh1 Rg5+ 31. Kf3 gxf5 32. exf5 Bxf5 33. Qe2 e4+ 0-1

[Event "Sanxenxo Carlos op 7th"]
[Site "Sanxenxo"]
[Date "2015.06.22"]
[Round "3"]
[White "Strikovic, Aleksa"]
[Black "Iwanow, Anna"]
[Result "1-0"]
[WhiteElo "2506"]
[BlackElo "2251"]
[PlyCount "43"]
[EventDate "2015.06.20"]
[EventType "swiss"]
[EventRounds "9"]
[EventCountry "ESP"]
[SourceTitle "CBM 167 Extra"]
[Source "ChessBase"]
[SourceDate "2015.09.14"]
[SourceVersion "1"]
[SourceVersionDate "2015.09.14"]
[SourceQuality "1"]

1. c4 e5 2. Nc3 Nf6 3. Nf3 Nc6 4. e3 Bb4 5. Qc2 d6 6. a3 Bxc3 7. Qxc3 a5 8. b3 0-0 9. Bb2 Qe7 10. Be2 Bd7 11. d3 Rae8 12. b4 b6 13. 0-0 Ng4 14. h3 f5 15. hxg4 fxg4 16. Nh2 Qh4 17. Qe1 Rf6 18. g3 Qh3 19. f3 gxf3 20. Bxf3 Rg6 21. Bd5+ Kh8 22. Rf3 1-0

[Event "BL 1415 (Women)"]
[Site "Germany"]
[Date "2015.04.18"]
[Round "10.5"]
[White "Gromova, Iulia"]
[Black "Iwanow, Anna"]
[Result "1/2-1/2"]
[WhiteElo "2228"]
[BlackElo "2227"]
[PlyCount "145"]
[EventDate "2014.09.27"]
[EventType "team-tourn"]
[EventRounds "11"]
[EventCountry "GER"]
[SourceTitle "CBM 166 Extra"]
[Source "ChessBase"]
[SourceDate "2015.06.18"]
[SourceVersion "1"]
[SourceVersionDate "2015.06.18"]
[SourceQuality "1"]
[WhiteTeam "Bad Koenigshofen (W)"]
[BlackTeam "Friedberg (W)"]
[WhiteTeamCountry "GER"]
[BlackTeamCountry "GER"]

1. d4 Nf6 2. c4 c5 3. d5 e6 4. Nc3 exd5 5. cxd5 g6 6. Nf3 d6 7. e4 Bg7 8. Bd3 0-0 9. 0-0 Bg4 10. h3 Bxf3 11. Qxf3 a6 12. a4 Nbd7 13. Qd1 Re8 14. Qc2 Rc8 15. Bf4 c4 16. Be2 Nc5 17. Bf3 Qe7 18. Bg5 Qe5 19. Bh4 Rc7 20. Bg3 Qe7 21. Rfe1 Nfd7 22. Bg4 Nd3 23. Re2 N7c5 24. Rf1 h5 25. Bf3 Nb3 26. Qb1 Nd4 27. Re3 b5 28. axb5 axb5 29. Bd1 b4 30. Ne2 Nb5 31. Ba4 Rb8 32. Rxd3 cxd3 33. Qxd3 Rcb7 34. Bxb5 Rxb5 35. Nd4 Bxd4 36. Qxd4 Re8 37. Re1 f6 38. Ra1 Rb7 39. Ra6 Qxe4 40. Qxf6 Rf7 41. Qxd6 h4 42. Qxg6+ Rg7 43. Qxe4 Rxe4 44. Bd6 Re1+ 45. Kh2 Re2 46. Bc5 Rd7 47. Bxb4 Rxf2 48. Ra8+ Kh7 49. Bc3 Rxd5 50. Rh8+ Kg6 51. Rxh4 Rg5 52. Rg4 Rxg4 53. hxg4 Rf4 54. Kg3 Rc4 55. Kf3 Kg5 56. Bd2+ Kg6 57. g3 Rd4 58. Bc3 Rc4 59. Be5 Rb4 60. Bc3 Rc4 61. Be1 Rc2 62. Bc3 Kg5 63. Be5 Rc4 64. Ke3 Kxg4 65. Kd3 Rc1 66. b4 Kf5 67. Bf4 Rb1 68. Kc4 Ke6 69. Kc5 Kd7 70. b5 Kc8 71. b6 Kb7 72. g4 Rxb6 73. Kd5 1/2-1/2

[Event "POL-ch (Women)"]
[Site "Poznan"]
[Date "2015.03.29"]
[Round "6"]
[White "Iwanow, Anna"]
[Black "Majdan, Joanna"]
[Result "1-0"]
[WhiteElo "2281"]
[BlackElo "2405"]
[PlyCount "91"]
[EventDate "2015.03.24"]
[EventType "tourn"]
[EventRounds "9"]
[EventCountry "POL"]
[EventCategory "2"]
[SourceTitle "CBM 165 Extra"]
[Source "ChessBase"]
[SourceDate "2015.04.21"]
[SourceVersion "1"]
[SourceVersionDate "2015.04.21"]
[SourceQuality "1"]

1. e4 g6 2. d4 Bg7 3. Nc3 c6 4. Nf3 d6 5. Bd3 Nd7 6. 0-0 e5 7. Be3 Ngf6 8. h3 0-0 9. Re1 Re8 10. Qd2 b6 11. a4 a6 12. Bc4 exd4 13. Bxd4 h6 14. Ba2 Bb7 15. Be3 Nc5 16. Bxh6 Ncxe4 17. Nxe4 Nxe4 18. Rxe4 Rxe4 19. Bxf7+ Kxf7 20. Ng5+ Qxg5 21. Bxg5 Rae8 22. f3 Rd4 23. Qc1 Rd5 24. c3 c5 25. Bh4 Re6 26. Qf4+ Rf5 27. Qd2 Rd5 28. Qf4+ Rf5 29. Qd2 Rd5 30. Qc2 Rde5 31. Rd1 Bh6 32. Bf2 d5 33. a5 Re2 34. Qb1 Bf4 35. Re1 Rxe1+ 36. Bxe1 d4 37. cxd4 cxd4 38. Bf2 Rc6 39. Qa2+ Kf8 40. Bxd4 Rc1+ 41. Kf2 Rc2+ 42. Ke1 Rc1+ 43. Ke2 Rc2+ 44. Kd3 Rd2+ 45. Kc3 b5 46. Qe6 1-0

[Event "Moscow op-G"]
[Site "Moscow"]
[Date "2015.02.02"]
[Round "3"]
[White "Iwanow, Anna"]
[Black "Kashlinskaya, Alina"]
[Result "0-1"]
[WhiteElo "2288"]
[BlackElo "2444"]
[PlyCount "72"]
[EventDate "2015.01.31"]
[EventType "tourn"]
[EventRounds "9"]
[EventCountry "RUS"]
[EventCategory "3"]
[SourceTitle "CBM 164 Extra"]
[Source "ChessBase"]
[SourceDate "2015.03.02"]
[SourceVersion "1"]
[SourceVersionDate "2015.03.02"]
[SourceQuality "1"]

1. e4 e6 2. d4 d5 3. Nc3 Bb4 4. e5 Ne7 5. Bd2 b6 6. a3 Bxc3 7. Bxc3 Ba6 8. Bxa6 Nxa6 9. Qe2 Nb8 10. b4 Nd7 11. Nf3 0-0 12. 0-0 c5 13. dxc5 bxc5 14. Rfd1 Qc7 15. b5 a6 16. a4 axb5 17. axb5 Ng6 18. Re1 d4 19. Bb2 Rxa1 20. Bxa1 Qa5 21. Rb1 Qa2 22. Qd1 Ngxe5 23. Nxe5 Nxe5 24. b6 Rb8 25. c3 d3 26. c4 Ng4 27. Qxd3 Qxf2+ 28. Kh1 Qf4 29. Qg3 Qxg3 30. hxg3 f6 31. Rb5 Ne3 32. b7 Nxc4 33. Rxc5 Rxb7 34. Bc3 Ne3 35. Kg1 Rb3 36. Bd2 Ng4 0-1

[Event "Moscow op-G"]
[Site "Moscow"]
[Date "2015.01.31"]
[Round "1"]
[White "Iwanow, Anna"]
[Black "Saduakassova, Dinara"]
[Result "1/2-1/2"]
[WhiteElo "2288"]
[BlackElo "2406"]
[PlyCount "82"]
[EventDate "2015.01.31"]
[EventType "tourn"]
[EventRounds "9"]
[EventCountry "RUS"]
[EventCategory "3"]
[SourceTitle "CBM 164 Extra"]
[Source "ChessBase"]
[SourceDate "2015.03.02"]
[SourceVersion "1"]
[SourceVersionDate "2015.03.02"]
[SourceQuality "1"]

1. e4 c5 2. Nf3 e6 3. d4 cxd4 4. Nxd4 a6 5. c4 Nf6 6. Nc3 Bb4 7. Qd3 Nc6 8. Nxc6 dxc6 9. Qxd8+ Kxd8 10. e5 Nd7 11. Bf4 f5 12. exf6 gxf6 13. 0-0-0 e5 14. Bh6 Ke7 15. Ne4 Nc5 16. Ng3 Ne6 17. a3 Bc5 18. Bd3 Kf7 19. Ne4 Be7 20. Be2 Kg6 21. Be3 f5 22. Nd6 Rd8 23. c5 f4 24. Nxc8 Raxc8 25. Bg4 fxe3 26. Bxe6 Rxd1+ 27. Rxd1 Rf8 28. fxe3 Bxc5 29. e4 Rf2 30. Rd7 b6 31. Bf5+ Kf6 32. Rxh7 Be3+ 33. Kb1 Rxg2 34. h4 Bd4 35. Rh6+ Kg7 36. Rxc6 Rxb2+ 37. Kc1 Rh2 38. a4 Rxh4 39. a5 Rh1+ 40. Kc2 bxa5 41. Rxa6 Ra1 1/2-1/2

[Event "Lisbon Christmas op"]
[Site "Lisbon"]
[Date "2014.12.30"]
[Round "8"]
[White "Iwanow, Anna"]
[Black "Dias, Paulo Jorge Guimara"]
[Result "1/2-1/2"]
[WhiteElo "2290"]
[BlackElo "2421"]
[PlyCount "49"]
[EventDate "2014.12.26"]
[EventType "swiss"]
[EventRounds "9"]
[EventCountry "POR"]
[SourceTitle "CBM 164 Extra"]
[Source "ChessBase"]
[SourceDate "2015.03.02"]
[SourceVersion "1"]
[SourceVersionDate "2015.03.02"]
[SourceQuality "1"]

1. e4 e6 2. d4 d5 3. Nc3 Bb4 4. e5 c5 5. Bd2 cxd4 6. Nb5 Bxd2+ 7. Qxd2 Nc6 8. f4 Nge7 9. Nf3 0-0 10. Bd3 a6 11. Nbxd4 Nxd4 12. Nxd4 Nc6 13. Nf3 f5 14. h3 Qa5 15. Qxa5 Nxa5 16. Nd4 Bd7 17. c3 b5 18. Kd2 Kf7 19. g4 g6 20. g5 Rab8 21. b4 Nc4+ 22. Bxc4 bxc4 23. a4 Ke7 24. h4 h5 25. a5 1/2-1/2

[Event "Lisbon Christmas op"]
[Site "Lisbon"]
[Date "2014.12.29"]
[Round "6"]
[White "Iwanow, Anna"]
[Black "Burg, Twan"]
[Result "0-1"]
[WhiteElo "2290"]
[BlackElo "2517"]
[PlyCount "82"]
[EventDate "2014.12.26"]
[EventType "swiss"]
[EventRounds "9"]
[EventCountry "POR"]
[SourceTitle "CBM 164 Extra"]
[Source "ChessBase"]
[SourceDate "2015.03.02"]
[SourceVersion "1"]
[SourceVersionDate "2015.03.02"]
[SourceQuality "1"]

1. e4 c5 2. Nf3 d6 3. d4 cxd4 4. Nxd4 Nf6 5. Nc3 a6 6. Be3 Nbd7 7. f3 e6 8. g4 h6 9. Qd2 b5 10. 0-0-0 b4 11. Na4 Ne5 12. b3 Bd7 13. Nb2 d5 14. Bf4 Qc7 15. Nd3 Nxd3+ 16. Bxd3 Bd6 17. Bxd6 Qxd6 18. g5 dxe4 19. Bxe4 Nxe4 20. fxe4 Rc8 21. Kb1 e5 22. Nf3 Qxd2 23. Rxd2 hxg5 24. Nxe5 Be6 25. Rg2 f6 26. Nd3 a5 27. a3 bxa3 28. Ka2 a4 29. Kxa3 axb3 30. cxb3 Rh3 31. Nc1 Re3 32. h4 g4 33. Rd1 Rxe4 34. Kb2 f5 35. Ne2 Rb8 36. Nd4 Bxb3 37. Nxb3 Re3 38. Rdd2 Rexb3+ 39. Kc2 Rb2+ 40. Kd1 Rxd2+ 41. Rxd2 Kf7 0-1

[Event "Lisbon Christmas op"]
[Site "Lisbon"]
[Date "2014.12.28"]
[Round "4"]
[White "Iwanow, Anna"]
[Black "Langedijk, Ardjan"]
[Result "1-0"]
[WhiteElo "2290"]
[BlackElo "2124"]
[PlyCount "145"]
[EventDate "2014.12.26"]
[EventType "swiss"]
[EventRounds "9"]
[EventCountry "POR"]
[SourceTitle "CBM 164 Extra"]
[Source "ChessBase"]
[SourceDate "2015.03.02"]
[SourceVersion "1"]
[SourceVersionDate "2015.03.02"]
[SourceQuality "1"]

1. e4 c5 2. Nf3 d6 3. Bb5+ Nd7 4. 0-0 a6 5. Bd3 Ngf6 6. c3 b5 7. Bc2 Bb7 8. d3 e6 9. Qe2 Be7 10. Nbd2 Qc7 11. b3 0-0 12. Bb2 Nh5 13. Rac1 g6 14. d4 Bf6 15. Rfe1 Bg7 16. Nf1 Rac8 17. Ng3 Nf4 18. Qd2 e5 19. Nf1 Bh6 20. Kh1 Kg7 21. Ne3 Ne6 22. d5 Nd8 23. Nh4 Bxe3 24. Rxe3 f6 25. Rh3 Nf7 26. Re1 c4 27. b4 a5 28. a3 axb4 29. cxb4 Ra8 30. Bd1 Bc8 31. Rg3 Nb6 32. Bc1 Na4 33. Qe2 Rh8 34. Nf5+ Bxf5 35. exf5 g5 36. h4 h6 37. Qh5 Kf8 38. Qg6 Ke7 39. f4 Rag8 40. Qh5 gxf4 41. Rg6 Qa7 42. Qf3 Qd4 43. Bxa4 bxa4 44. Rd1 Qa7 45. Qc3 Qf2 46. Qxc4 Rc8 47. Qa6 Rc7 48. Qd3 Rhc8 49. Bd2 Qxh4+ 50. Kg1 Qh5 51. Re1 Rc2 52. b5 Rb2 53. Qd4 Rxb5 54. Qa7+ Kf8 55. Rxf6 Rxd5 56. Qb7 Rdc5 57. Bb4 Rc1 58. Bxd6+ Kg7 59. Rg6+ Qxg6 60. fxg6 Rxe1+ 61. Kf2 Kxg6 62. Kxe1 Nxd6 63. Qd7 Rc1+ 64. Kd2 Rg1 65. Qxd6+ Kf5 66. Qd5 Ra1 67. Qd3+ Kf6 68. Ke2 Ra2+ 69. Kf3 Rb2 70. Qd6+ Kf5 71. Qf8+ Kg6 72. Qe8+ Kf5 73. Qxa4 1-0

[Event "Wch U20 Girls 32nd"]
[Site "Pune"]
[Date "2014.10.16"]
[Round "10"]
[White "Chumpitaz Carbajal, Ann"]
[Black "Iwanow, Anna"]
[Result "1-0"]
[WhiteElo "2201"]
[BlackElo "2279"]
[PlyCount "145"]
[EventDate "2014.10.06"]
[EventType "swiss"]
[EventRounds "13"]
[EventCountry "IND"]
[SourceTitle "EXT 2015"]
[Source "ChessBase"]
[SourceDate "2014.11.20"]
[SourceVersion "1"]
[SourceVersionDate "2014.11.20"]
[SourceQuality "1"]

1. d4 Nf6 2. c4 c5 3. Nf3 e6 4. g3 cxd4 5. Nxd4 Be7 6. Bg2 Nc6 7. 0-0 0-0 8. Nc3 a6 9. Bf4 Re8 10. Rc1 Bf8 11. Nxc6 bxc6 12. Bd6 Bxd6 13. Qxd6 Qe7 14. Rfd1 Qxd6 15. Rxd6 Rb8 16. b3 Re7 17. c5 Nd5 18. Na4 Kf8 19. e4 Nc7 20. Nb6 Nb5 21. Rd2 e5 22. b4 Ke8 23. Bf1 Nd4 24. Kg2 Bb7 25. Rc3 Kd8 26. Ra3 Nb5 27. Rad3 Nd4 28. Nc4 f6 29. f4 Bc8 30. a3 Nb5 31. fxe5 fxe5 32. Be2 g6 33. Bg4 h5 34. Bd1 Kc7 35. Rf2 Bb7 36. Rf6 Rg8 37. a4 Nd4 38. Bb3 Rgg7 39. Bd1 Re8 40. a5 Nb5 41. Rdf3 Ree7 42. Rf2 Nc3 43. Bf3 Nb5 44. Kf1 Nd4 45. Bd1 Nb5 46. Ke1 Nc3 47. Bf3 Bc8 48. Kd2 Nb5 49. Bd1 Nd4 50. Rf8 h4 51. Nd6 Bb7 52. Ne8+ Rxe8 53. Rxe8 hxg3 54. hxg3 d6 55. Ref8 dxc5 56. R2f7+ Rxf7 57. Rxf7+ Kb8 58. bxc5 Ne6 59. Re7 Bc8 60. g4 Nxc5 61. Rxe5 Ne6 62. g5 Kc7 63. Bh5 gxh5 64. g6 Kd6 65. Rxh5 c5 66. Ke3 Ng7 67. Rh7 Ne8 68. Kf4 c4 69. Ke3 Bd7 70. Kd4 Ke6 71. g7 Nf6 72. Rh6 Kf7 73. Rxf6+ 1-0

[Event "Wch U20 Girls 32nd"]
[Site "Pune"]
[Date "2014.10.09"]
[Round "4"]
[White "Iwanow, Anna"]
[Black "Azimova, Karina"]
[Result "1-0"]
[WhiteElo "2279"]
[BlackElo "2063"]
[PlyCount "65"]
[EventDate "2014.10.06"]
[EventType "swiss"]
[EventRounds "13"]
[EventCountry "IND"]
[SourceTitle "EXT 2015"]
[Source "ChessBase"]
[SourceDate "2014.11.20"]
[SourceVersion "1"]
[SourceVersionDate "2014.11.20"]
[SourceQuality "1"]

1. e4 c5 2. Nf3 d6 3. Bb5+ Bd7 4. a4 Nf6 5. Qe2 Nc6 6. 0-0 e6 7. d3 Be7 8. Nbd2 0-0 9. c3 a6 10. Bxc6 Bxc6 11. a5 d5 12. e5 Nd7 13. Re1 f6 14. Nf1 d4 15. cxd4 Bxf3 16. Qxf3 fxe5 17. Qxb7 cxd4 18. b4 Kh8 19. Bd2 Rb8 20. Qxa6 Bxb4 21. Qxe6 Nc5 22. Qc4 Bxd2 23. Nxd2 Rb2 24. Red1 Nb7 25. Qc1 Rb5 26. Qc6 Rb2 27. a6 Na5 28. Qa4 Nb3 29. Nxb3 Rfxf2 30. Rd2 Rfxd2 31. Nxd2 Rxd2 32. Qc6 Qf8 33. a7 1-0

[Event "BL 1415 (Women)"]
[Site "Germany"]
[Date "2014.09.27"]
[Round "1.4"]
[White "Iwanow, Anna"]
[Black "Laake, Jasmin Maria"]
[Result "1-0"]
[WhiteElo "2227"]
[BlackElo "2033"]
[PlyCount "67"]
[EventDate "2014.09.27"]
[EventType "team-tourn"]
[EventRounds "11"]
[EventCountry "GER"]
[SourceTitle "CBM 166 Extra"]
[Source "ChessBase"]
[SourceDate "2015.06.18"]
[SourceVersion "1"]
[SourceVersionDate "2015.06.18"]
[SourceQuality "1"]
[WhiteTeam "Friedberg (W)"]
[BlackTeam "Lehrte (W)"]
[WhiteTeamCountry "GER"]
[BlackTeamCountry "GER"]

1. e4 c5 2. Nf3 d6 3. Bb5+ Nc6 4. 0-0 Bd7 5. Re1 e6 6. c3 Qb6 7. a4 Nf6 8. Na3 a6 9. Bf1 Na5 10. d3 Bc6 11. b4 cxb4 12. Be3 Qc7 13. cxb4 d5 14. bxa5 Qxa5 15. exd5 Nxd5 16. Nc4 Qc7 17. Rc1 Bb4 18. Bd2 Bc5 19. d4 Be7 20. Nfe5 Nb4 21. Qb3 a5 22. Qg3 Bf6 23. Ne3 0-0 24. N3g4 Qe7 25. Nxf6+ Qxf6 26. Bg5 Qf5 27. Be2 Rfe8 28. Nxc6 Nxc6 29. Bd3 Qd5 30. Bf6 g6 31. Qf4 Qh5 32. g4 g5 33. Bxg5 Qh3 34. Re3 1-0

[Event "POL-chT1"]
[Site "Poronin"]
[Date "2014.09.03"]
[Round "5.5"]
[White "Bardeli, Lukasz"]
[Black "Iwanow, Anna"]
[Result "1/2-1/2"]
[WhiteElo "2230"]
[BlackElo "2227"]
[PlyCount "99"]
[EventDate "2014.08.31"]
[EventType "team-tourn"]
[EventRounds "9"]
[EventCountry "POL"]
[SourceTitle "CBM 162 Extra"]
[Source "ChessBase"]
[SourceDate "2014.10.17"]
[SourceVersion "1"]
[SourceVersionDate "2014.10.17"]
[SourceQuality "1"]
[WhiteTeam "Gniezno LKS Chrobry"]
[BlackTeam "Wroclaw Polonia II"]
[WhiteTeamCountry "POL"]
[BlackTeamCountry "POL"]

1. Nf3 Nf6 2. c4 g6 3. Nc3 Bg7 4. e4 0-0 5. d4 c6 6. Bd3 d6 7. h3 Nbd7 8. Be3 e5 9. d5 Nh5 10. Qd2 f5 11. Qc2 Nf4 12. 0-0-0 Nxd3+ 13. Qxd3 f4 14. dxc6 bxc6 15. Bd2 Nc5 16. Qc2 Be6 17. Na4 Nxa4 18. Qxa4 Qb6 19. Ba5 Qxf2 20. Rd2 Qc5 21. b3 Rfb8 22. Bc7 Bf8 23. Bxb8 Rxb8 24. Ne1 f3 25. Nxf3 Bh6 26. Kc2 Bxd2 27. Nxd2 d5 28. Qa6 dxe4 29. g4 e3 30. Ne4 Qb6 31. Qxb6 axb6 32. Re1 Kg7 33. Rxe3 h5 34. Ng5 Kf6 35. Nh7+ Kg7 36. Rxe5 Re8 37. Ng5 Bf5+ 38. Rxf5 gxf5 39. gxf5 Kf6 40. Ne6 Ra8 41. Kd3 Kxf5 42. Nd4+ Kf4 43. Nxc6 Kg3 44. a4 Kxh3 45. Ne5 Kg3 46. Ng6 Ra7 47. Ke4 Rg7 48. Kf5 Rxg6 49. Kxg6 h4 50. a5 1/2-1/2